000 00435nam a22001451i 4500
001 14903
090 _a14903
100 _a20170304u u u0frey50 ba
101 0 _apor
200 1 _fFonseca Vaz
_aABC do ténis
215 _a151, [3] p.
_cil.
_d19 cm
700 1 _aVaz
_bFonseca
_4070
210 _cCírculo de Leitores
_aLisboa
_dD. L. 1989
996 _f0018025
_kVAZ
_m00000000
_n00000000
_aBMVAAL
_b3
_vAlcáçovas
_xDesporto
_y7
_eLivro
_10
_31
990 _cLIVROS